Escuela Ibérica de la paz: la conciencia crítica de la conquista y colonización de América 1511-1694
Uloženo v:
| Hlavní autoři: | , |
|---|---|
| Médium: | Kniha |
| Jazyk: | španělština portugalština |
| Vydáno: |
Santander
Ediciones Universidad Cantabria
2014
|
| Vydání: | 1a. ed |
| Témata: | |
| Tagy: |
Přidat tag
Žádné tagy, Buďte první, kdo vytvoří štítek k tomuto záznamu!
|
MARC
| LEADER | 00000cam a2200000 a 4500 | ||
|---|---|---|---|
| 001 | UCD0987 | ||
| 003 | CL-VaPUC | ||
| 008 | 151231e20140000sp |||||||||||||||||spa|d | ||
| 020 | |a 9788481027143 | ||
| 041 | 0 | 7 | |a spa |2 CL-VaPUC |
| 041 | 0 | 7 | |a por |2 CL-VaPUC |
| 082 | 0 | 4 | |a 341.1 |b CAL |2 21 |
| 100 | 0 | |a Calafate, Pedro |e author |9 584051 | |
| 700 | 0 | |a Maldonado Gutiérrez, Ramón Emilio |e author |9 584052 | |
| 245 | 1 | 0 | |a Escuela Ibérica de la paz: la conciencia crítica de la conquista y colonización de América 1511-1694 |
| 246 | 1 | 0 | |a Escola Ibérica da paz: a consciência crítica da conquista e colonizacão da América 1511-1694 |
| 250 | |a 1a. ed | ||
| 300 | |a 425 p | ||
| 942 | |c BK | ||
| 945 | |d 20151231 00:35:00 |a arojas | ||
| 260 | |a Santander |b Ediciones Universidad Cantabria |c 2014 | ||
| 650 | 0 | |a Derecho internacional |9 255637 | |
| 650 | 0 | |a Fuentes del derecho |9 255162 | |
| 650 | 0 | |a Derecho Indiano |9 256266 | |
| 650 | 0 | |a Conquista de América |9 445170 | |
| 650 | 0 | |a Colonización americana |9 388010 | |
| 650 | 0 | |a Paz |9 259242 | |
| 583 | |a last modification |c 20160107 12:34:04 |k Rodrigo Vera | ||
| 999 | |c 362418 |d 362416 | ||
| 952 | |0 0 |1 0 |3 erb |4 0 |6 341_100000000000000_CAL_2014 |7 0 |8 A |9 473680 |a BIBDER |b BIBDER |i 525793K |o 341.1 CAL 2014 |p 525793K |r 2023-01-25 |w 2019-11-24 |y BK |z Catalogado en:20151231 |k DER | ||